| 000 | 01384nam a22003254a 4500 | ||
|---|---|---|---|
| 001 | ebr10270825 | ||
| 003 | CaPaEBR | ||
| 006 | m u | ||
| 007 | cr cn||||||||| | ||
| 008 | 051201s2005 ne a sb 001 0 eng c | ||
| 010 | _z 2005284271 | ||
| 020 | _z9004146504 (hbk.) | ||
| 040 |
_aCaPaEBR _cCaPaEBR |
||
| 035 | _a(OCoLC)303564290 | ||
| 050 | 1 | 4 |
_aK3593 _b.V47 2005eb |
| 082 | 0 | 4 |
_a344/.0955 _222 |
| 100 | 1 | _aVerheyen, Roda. | |
| 245 | 1 | 0 |
_aClimate change damage and international law _h[electronic resource] : _bprevention, duties and state responsibility / _cRoda Verheyen. |
| 260 |
_aLeiden ; _aBoston : _bM. Nijhoff ; _aLeiden : _bBrill, _cc2005. |
||
| 300 |
_axii, 406 p. : _bill. |
||
| 490 | 1 |
_aDevelopments in international law ; _vv. 54 |
|
| 504 | _aIncludes bibliographical references (p. [367]-387) and index. | ||
| 533 |
_aElectronic reproduction. _bPalo Alto, Calif. : _cebrary, _d2013. _nAvailable via World Wide Web. _nAccess may be limited to ebrary affiliated libraries. |
||
| 650 | 0 |
_aClimatic changes _xResearch _xLaw and legislation. |
|
| 650 | 0 |
_aClimatic changes _xEnvironmental aspects. |
|
| 655 | 7 |
_aElectronic books. _2local |
|
| 710 | 2 | _aebrary, Inc. | |
| 830 | 0 |
_aDevelopments in international law ; _vv. 54. |
|
| 856 | 4 | 0 |
_uhttp://site.ebrary.com/lib/rucke/Doc?id=10270825 _zAn electronic book accessible through the World Wide Web; click to view |
| 999 |
_c7947 _d7947 |
||